|
|
|
|
| LEADER |
01233nam a2200325 a 4500 |
| 001 |
mzk03001177872 |
| 003 |
CZ BrMZK |
| 005 |
20130212100541.0 |
| 007 |
ta |
| 008 |
100804q17641800xx ||||f||||||||||||ger|d |
| 040 |
|
|
|a BOE950
|b cze
|
| 072 |
|
7 |
|a 09
|x Rukopisy, prvotisky, staré tisky. Vzácná a pozoruhodná díla
|2 Konspekt
|9 12
|
| 072 |
|
7 |
|a 514
|x Geometrie
|2 Konspekt
|9 13
|
| 080 |
|
|
|a 09
|2 MRF
|
| 080 |
|
|
|a 514
|2 MRF
|
| 100 |
1 |
|
|a Wolff, Christian von,
|d 1679-1754
|7 ola2002113755
|4 aut
|
| 245 |
1 |
0 |
|a Geometrische Angangss-Gründe /
|c Dess Berümten Wolf. welche an das dagliecht gegeben worden zu Leibsich 1764 d. 6. November mit Approbation der gelerthesten Mathematicorum
|
| 260 |
|
|
|a [S.l. :
|b s.n.,
|c po r. 1764]
|
| 300 |
|
|
|a 24 listů ;
|c 21, 5 x 17 cm
|
| 500 |
|
|
|a Výzdoba: S geometrickými nákresy
|
| 563 |
|
|
|a Nevázáno
|
| 510 |
4 |
|
|a Dokoupil, V. Soupis rukopisů rajhradské klášterní knihovny,
|c č. 491
|
| 650 |
|
7 |
|a historické knihovní fondy
|7 ph172933
|2 czenas
|
| 650 |
|
7 |
|a geometrie
|7 ph114624
|2 czenas
|
| 910 |
|
|
|e BOE950
|c R - R 491
|
| 985 |
|
|
|a 1751-1800
|
| 990 |
|
|
|a BK
|
| 996 |
|
|
|e BOE950
|c R - R 491
|
| 991 |
|
|
|k rajhrad
|
| 980 |
|
|
|c 202324
|g R - R 491
|d 20100804
|t 5
|j ?
|k F/K.II.a.57
|1 328100202324
|z PA
|v v
|